Greuze

Saved in:
Bibliographic Details
Main Author: Macklin, Alys Eyre
Format: Electronic eBook
Language:English
Published: Project Gutenberg, 2013
Series:Project Gutenberg 42140
Online Access:http://www.gutenberg.org/etext/42140
Rights
Tags: Add Tag
No Tags, Be the first to tag this record!
Call Number :

MARC

LEADER 00000cam a22000003a 4500
001 73564
003 MY-KLNDU
005 20241219034040.0
008 210403s2013||||xxu|||||s|||||000 | eng d
035 |a (PGUSA)42140 
039 9 |y 202104030017  |z VLOAD 
040 |a PGUSA  |b eng 
042 |a dc 
100 1 |a Macklin, Alys Eyre 
245 1 0 |a Greuze  |h [electronic resource] /  |c by Alys Eyre Macklin 
260 |b Project Gutenberg,  |c 2013 
500 |a Project Gutenberg 
506 |a Freely available. 
516 |a Electronic text 
599 |a Dummy Record 
830 0 |a Project Gutenberg  |v 42140 
856 4 0 |u http://www.gutenberg.org/etext/42140 
856 4 2 |u http://www.gutenberg.org/license  |3 Rights 
999 |a vtls000084725  |c 73564  |d 73564